Raketa = žurnal dlja ditěj / šefredaktorky: Radana Litošova & Jogana Švejdikova
Speciální číslo vydání časopisu Raketa v ukrajinštině věnováno dětem, které do České republiky přišly z Ukrajiny.
Record details
- Physical Description: 48 nečíslovaných stran : barevné ilustrace ; 26 cm
- Publisher: Praha : Labyrint, 2022
Content descriptions
| General Note: | Spolupráce při vydávání: Raketa dětem, z.s. ISSN 2336-5889 |
| Target Audience Note: | Pro děti nejen od 5 do 12 let |
Available copies
- 1 of 1 copy available at Common Catalog SPOK.
Holds
- 0 current holds with 1 total copy.
Show Only Available Copies
| Location | Call Number / Copy Notes | Barcode | Shelving Location | Status | Due Date |
|---|---|---|---|---|---|
| Jabok Library | SPr-3.10 | 424480028135 | Odborná literatura | Available | - |
| LDR | 01196nam a2200313 i 4500 | ||
|---|---|---|---|
| 001 | 51928 | ||
| 003 | CZ-PrJAB | ||
| 005 | 20221011091033.0 | ||
| 008 | s2022 xr ||| | ukr | ||
| 020 | . | ‡cneprodejné | |
| 035 | . | ‡a(CZ PrSKC)002170000386818 | |
| 040 | . | ‡aRKG001 ‡bcze ‡erda | |
| 100 | 1 | . | ‡aLitošová, Radana, ‡d1975- ‡7osa2018999513 ‡4pbd |
| 245 | 1 | 0. | ‡aRaketa = ‡bžurnal dlja ditěj / ‡cšefredaktorky: Radana Litošova & Jogana Švejdikova |
| 264 | 1. | ‡aPraha : ‡bLabyrint, ‡c2022 | |
| 300 | . | ‡a48 nečíslovaných stran : ‡bbarevné ilustrace ; ‡c26 cm | |
| 336 | . | ‡atext ‡btxt ‡2rdacontent | |
| 336 | . | ‡astatický obraz ‡bsti ‡2rdacontent | |
| 337 | . | ‡abez média ‡bn ‡2rdamedia | |
| 338 | . | ‡asvazek ‡bnc ‡2rdacarrier | |
| 500 | . | ‡aSpolupráce při vydávání: Raketa dětem, z.s. | |
| 500 | . | ‡aISSN 2336-5889 | |
| 520 | 2 | . | ‡aSpeciální číslo vydání časopisu Raketa v ukrajinštině věnováno dětem, které do České republiky přišly z Ukrajiny. |
| 521 | . | ‡aPro děti nejen od 5 do 12 let | |
| 653 | 0 | . | ‡ačasopisy ‡amládež |
| 700 | 1 | . | ‡aŠvejdíková, Johana, ‡d1977- ‡7osa2018999518 ‡4pbd |
| 910 | . | ‡aABG312 | |
| 995 | . | ‡aska | |
| 901 | . | ‡a51928 ‡bAUTOGEN ‡c51928 ‡tbiblio | |